[Event "FRA-chT2 South 0809"]
[Site "France"]
[Date "2008.11.23"]
[Round "3.8"]
[White "Weill, Melanie"]
[Black "Bianchi, Florence"]
[Result "0-1"]
[WhiteElo "1290"]
[BlackElo "1892"]
[PlyCount "56"]
[EventDate "2008.10.12"]
[EventType "team-tourn"]
[EventRounds "11"]
[EventCountry "FRA"]
[SourceTitle "EXT 2010"]
[Source "ChessBase"]
[SourceDate "2010.11.25"]
[SourceVersion "1"]
[SourceVersionDate "2010.11.25"]
[SourceQuality "1"]
[WhiteTeam "Montpellier Diagonale"]
[BlackTeam "Marseille Echecs II"]
[WhiteTeamCountry "FRA"]
[BlackTeamCountry "FRA"]

1. e4 Nf6 2. Nc3 d5 3. e5 d4 4. exf6 dxc3 5. fxe7 cxd2+ 6. Bxd2 Bxe7 7. Nf3 0-0 8. h3 Bf5 9. Bc4 Nc6 10. c3 Be4 11. Be2 Re8 12. 0-0 Bf6 13. Re1 Qd6 14. Be3 Qf8 15. Nd2 Rad8 16. Bf3 Bxf3 17. Qxf3 Re6 18. Rad1 Qe7 19. Nb3 Re8 20. Re2 b6 21. Rde1 Ne5 22. Qf4 Nd3 23. Qf3 Nxe1 24. Rxe1 c5 25. Nd2 Bg5 26. Nf1 Bxe3 27. Nxe3 Qg5 28. Qb7 R6e7 0-1